| 000 | 01152cam a2200337 i 4500 | ||
|---|---|---|---|
| 999 |
_c76234 _d76234 |
||
| 001 | C2-0267222 | ||
| 003 | PPAK | ||
| 005 | 20190210151345.0 | ||
| 008 | 050912r20182004my o e b 0 eng d | ||
| 020 | _a9830371220 | ||
| 020 |
_a9789830371221 _qhardback _cRM 130.00 |
||
| 040 |
_aPPAK _beng _cPPAK _erda |
||
| 082 | 0 | 4 |
_a305.6971051 _223 |
| 090 | 0 | 0 |
_a305.6971051 _bLIU _dG |
| 090 | 0 | 0 |
_a305.6971051 _bLIU _dR |
| 100 | 1 |
_aLiu, Yusuf Baojun, _d1963- _eauthor. |
|
| 245 | 1 | 0 |
_aOVERSEA CHINESE MUSLIMS : _bThe General Information on Distribution of Oversea Chinese Muslims / _cYusuf Liu Baojun. |
| 250 | _a2nd edition 2018. | ||
| 264 | 1 |
_aShah Alam, Selangor : _bANZAGAIN SDN. BHD. ; _c2004 |
|
| 300 |
_a2 volumes (123 pages ; vi, 130 pages) _bcolour photographs ; _c26 cm |
||
| 336 |
_2rdacontent _atext |
||
| 337 |
_2rdamedia _aunmediated |
||
| 338 |
_2rdacarrier _avolume |
||
| 504 | _a Bibliography: page 130 | ||
| 650 | 1 | 0 |
_aMuslims _xHistory _zNon-Muslim countries |
| 650 | 2 | 0 | _aMuslim converts |
| 650 | 2 | 0 |
_aMuslims _xSocial conditions |
| 650 | 2 | 0 |
_aMuslims _xHistory _zChina |
| 650 | 2 | 0 |
_aIslam _xHistory _zChina |
| 942 |
_cB _2ddc |
||